Integrace vnitropodnikového a vnějšího účetnictví do systému mySAP ERP TM
Všeobecné objasnenie architektúry softvéru SAP účtovného systému a zhodnotenie zlepšení, ktoré boli dosiahnuté za posledné dva až tri roky vďaka uplatnenia aplikácie SAP v hlavnej účtovnej knihe a vďaka konsolidovanej verzii produktu SAP v podobe programu SAP ERP TM.
Salvato in:
| Autore principale: | |
|---|---|
| Natura: | Capitolo di libro |
| Lingua: | ceco |
| Soggetti: | |
| Tags: |
Nessun Tag, puoi essere il primo ad aggiungerne!!
|
MARC
| LEADER | 00000naa$a2200000$$$4500 | ||
|---|---|---|---|
| 001 | 0060061 | ||
| 005 | 20230509081102.1 | ||
| 041 | 0 | |a cze | |
| 044 | |a CZ | ||
| 245 | 1 | 0 | |a Integrace vnitropodnikového a vnějšího účetnictví do systému mySAP ERP TM |c Stefan Karl |
| 520 | |a Všeobecné objasnenie architektúry softvéru SAP účtovného systému a zhodnotenie zlepšení, ktoré boli dosiahnuté za posledné dva až tri roky vďaka uplatnenia aplikácie SAP v hlavnej účtovnej knihe a vďaka konsolidovanej verzii produktu SAP v podobe programu SAP ERP TM. | ||
| 610 | 2 | 0 | |a účtovníctvo vnútropodnikové |
| 610 | 2 | 0 | |a SAP |
| 610 | 2 | 0 | |a softvér |
| 610 | 2 | 0 | |a výkazníctvo účtovné |
| 610 | 2 | 0 | |a jednotka organizačná |
| 100 | 1 | |a Karl, Stefan | |